Combined Countries of the World (Hard) - Statistics

General Stats
  • This quiz has been taken 96 times
  • The average score is 78 of 196
Answer Stats
Combined Separated % Correct
Colola Columbia
95%
Armum Armenia
81%
Litece Lithuania
71%
Kyho Kyrgyzstan
69%
Rwodia Rwanda
68%
Czrk Czech Republic
66%
Algrain Algeria
64%
Barmas Barbados
64%
Greece
64%
Namli Namibia
64%
Swiaq Switzerland
64%
Etdi Ethiopia
63%
Gamdonesia Gambia
63%
Ghjan Ghana
61%
Indonesia
61%
Nigerironesia Nigeria
61%
Sweuru Sweden
61%
Eqgia Equatorial Guinea
59%
Iraq
59%
Saint Vwan Saint Vincent and the Grenadines
59%
Somegal Somalia
59%
Syndia Syria
59%
Tajogo Tajikistan
59%
Uglu Uganda
59%
Laoysia Laos
58%
Myva Myanmar
58%
South Korea
58%
Zatu Zambia
58%
Bahamas
56%
Cambodia
56%
From France
56%
Hucia Hungary
56%
Libeves Liberia
56%
Porini Portugal
56%
Spway Spain
56%
Angola
54%
Bosze Bosnia and Herzegovina
54%
India
54%
Iread Ireland
54%
Keey Kenya
54%
Papny Papua New Guinea
54%
Polta Poland
54%
Rocar Romania
54%
Surtia Suriname
54%
Togo
54%
Afore Afghanistan
53%
Bhiti Bhutan
53%
Estine Estonia
53%
Federated States Of Micronesia
53%
Grenius Grenada
53%
Libya
53%
Malaysia
53%
Oei Oman
53%
Thmor Thailand
53%
Urisia Uruguay
53%
Albuda Albania
51%
Bahrain
51%
Guaua Guatemala
51%
Mauribya Mauritania
51%
Norway
51%
Senegal
51%
Latno Latvia
49%
Netolia Netherlands
49%
Panly Panama
49%
Saint Lucia
49%
Vipan Vietnam
49%
Canso Canada
47%
Finras Finland
47%
Iran
47%
Peka Peru
47%
Bolbon Bolivia
46%
Cosoon Costa Rica
46%
Djrea Djibouti
46%
East Timor
46%
Elros El Salvador
46%
Kash Kazakhstan
46%
Lieran Liechtenstein
46%
Dominicanea Dominican Republic
44%
Ecty Ecuador
44%
Guylau Guyana
44%
Parpal Paraguay
44%
Phwi Philippines
44%
Roue Romania
44%
Slovekia Slovenia
44%
Suderica Sudan
44%
Vanuatu
44%
Bulil Bulgaria
42%
Cameroon
42%
Fiji
42%
Nepal
42%
Paktina Pakistan
42%
Taiwan
42%
Trel Trinidad and Tobago
42%
Turkmfrica Turkmenistan
42%
Vewe Venezuela
42%
Antigua and Barbuda
41%
Cuji Cuba
41%
Malta
41%
Moztar Mozambique
41%
Uzaica Uzbekistan
41%
Cyprus
39%
Joone Jordan
39%
Kinon Kiribati
39%
Nauru
39%
Tanpe Tanzania
39%
Azerbaijan
37%
Bende Benin
37%
Eghina Egypt
37%
Eritrea
37%
Malawi
37%
Monaco
37%
Moruth Korea Morocco
37%
Ruprus Russia
37%
Sera Serbia
37%
Slovakia
37%
Solaco Solomon Islands
37%
South Africa
37%
Tuvalu
37%
Belarus
36%
Comoros
36%
Demtria Democratic Republic of the Congo
36%
Gabon
36%
Icro Iceland
36%
Luoa Luxembourg
36%
New Donia New Zealand
36%
Samoa
36%
Botarus Botswana
34%
Italy
34%
Maldives
34%
Palau
34%
Belize
32%
Japan
32%
Lebanon
32%
Mauritius
32%
Mongolia
32%
Sausau Saudi Arabia
32%
Yates Yemen
32%
Belgium
31%
Brunei
31%
Denmark
31%
Ivle Ivory Coast
31%
Lesotho
31%
Madagascar
31%
Mali
31%
Noit North Korea
31%
Tonis Tonga
31%
Chad
29%
China
29%
Eswatini
29%
Haiti
29%
Tunisia
29%
United States Of America
29%
Zimbabwe
29%
Burundi
27%
Cenica Central African Republic
27%
Croatia
25%
Jamaica
25%
North Macedonia
25%
Turkey
25%
Dominica
24%
Bangladesh
22%
Guinea-Bissau
22%
Brazil
20%
Israel
20%
Moldova
20%
Nicaragua
20%
Qatar
20%
Austria
19%
Germany
19%
Honduras
19%
Meles Mexico
19%
United Arab Emirates
19%
Argentina
17%
Kuwait
17%
Australia
15%
Seychelles
15%
Singapore
15%
Georgia
14%
Guinea
14%
Mozambique
14%
Reralia Republic of the Congo
14%
Sierra Leone
14%
Sri Lanka
14%
Vatican City
14%
Burkina Faso
12%
Cape Verde
10%
Montenegro
10%
San Marino
10%
Andorra
8%
Chile
8%
Marer Marshall Islands
8%
Niger
8%
United Kingdom
8%
São Tomé and Principe
7%
Saint Kitts and Nevis
5%
Ukraine
3%
No matching quizzes found
Score Distribution
Percent of People with Each Score
Percentile by Number Answered
Your Score History
You have not taken this quiz